বাংলাদেশের বন্যপ্রাণী ৩য় খন্ড / (Record no. 4331)
[ view plain ]
| 000 -LEADER | |
|---|---|
| fixed length control field | 00872nam a22002177a 4500 |
| 001 - CONTROL NUMBER | |
| control field | BD-DhSAU 4331 |
| 003 - CONTROL NUMBER IDENTIFIER | |
| control field | BD-DhSAU |
| 005 - DATE AND TIME OF LATEST TRANSACTION | |
| control field | 20150216132718.0 |
| 008 - FIXED-LENGTH DATA ELEMENTS--GENERAL INFORMATION | |
| fixed length control field | 150129b1987 bg a||||r|||| 000 0 ben d |
| 040 ## - CATALOGING SOURCE | |
| Original cataloging agency | BD-DhSAU |
| 082 ## - DEWEY DECIMAL CLASSIFICATION NUMBER | |
| Edition number | 22 |
| Classification number | ৫৯৭.৯৫৪৯২ |
| Item number | খানবা |
| 100 ## - MAIN ENTRY--PERSONAL NAME | |
| Personal name | খান, মোঃ আলী রেজা |
| 245 ## - TITLE STATEMENT | |
| Title | বাংলাদেশের বন্যপ্রাণী ৩য় খন্ড / |
| Statement of responsibility, etc. | মোঃ আলী রেজা খান |
| 260 ## - PUBLICATION, DISTRIBUTION, ETC. (IMPRINT) | |
| Place of publication, distribution, etc. | ঢাকা : |
| Name of publisher, distributor, etc. | বাংলা একাডেমী , |
| Date of publication, distribution, etc. | ১৯৮৭. |
| 300 ## - PHYSICAL DESCRIPTION | |
| Extent | ১৬৮ পৃ. : |
| Other physical details | চিত্র ; |
| Dimensions | ২৪ সেমি। |
| 504 ## - BIBLIOGRAPHY, ETC. NOTE | |
| Bibliography, etc | গ্রন্থপঞ্জী। |
| 590 ## - Name of Cataloguer | |
| Name of Cataloger | erfat |
| 650 ## - SUBJECT ADDED ENTRY--TOPICAL TERM | |
| Topical term or geographic name as entry element | পশুপালন। |
| 650 ## - SUBJECT ADDED ENTRY--TOPICAL TERM | |
| Topical term or geographic name as entry element | Animal husbandry. |
| 650 ## - SUBJECT ADDED ENTRY--TOPICAL TERM | |
| Topical term or geographic name as entry element | বন্যপ্রাণী। |
| Geographic subdivision | বাংলাদেশ। |
| 942 ## - ADDED ENTRY ELEMENTS (KOHA) | |
| Source of classification or shelving scheme | Dewey Decimal Classification |
| Koha item type | Book |
| Withdrawn status | Lost status | Source of classification or shelving scheme | Damaged status | Not for loan | Home library | Branch Name | Shelving location | Date acquired | Total Checkouts | Full call number | Barcode | Date last seen | Price effective from | Koha item type |
|---|---|---|---|---|---|---|---|---|---|---|---|---|---|---|
| Dewey Decimal Classification | SAU Library | SAU Library | General Stacks | 28/06/1992 | ৫৯৭.৯৫৪৯২ খানবা | 18835 | 16/02/2015 | 16/02/2015 | Book |
